000 00821nam a2200265Ia 4500
003 OSt
005 20220923223002.0
006 a|||||r|||| 00| 0
007 ta
008 220922b |||||||| |||| 00| 0 hin d
020 _c40
024 _a209,635
037 _cTextual
040 _aARTS
_cARTS
_bhin
041 _2hin
_ahin
082 _aO152,3N31,DS, M7
100 _aदावर, बलदेव राज
245 0 _aडाक्टर सुष्ेान
246 _aḌākṭar suṣheāna
260 _aनई दिल्ली
_b पुस्तकायन
_c1987
300 _a160पृ.
_ccm.
650 _aहिन्दी साहित्य
_9156264
942 _hO152,3N31,DS, M7
_cTEXL
_2CC
999 _c360184
_d360184